Floración en la sombra /
Gorde:
| Egile nagusia: | |
|---|---|
| Formatua: | Ezezaguna |
| Hizkuntza: | Spanish |
| Argitaratua: |
San José, Costa Rica :
Lito-Imprenta Torres Ltda.,
1971.
|
| Gaiak: | |
| Etiketak: |
Etiketa erantsi
Etiketarik gabe, Izan zaitez lehena erregistro honi etiketa jartzen!
|
MARC
| LEADER | 000000000a22000000004500 | ||
|---|---|---|---|
| 001 | 002896 | ||
| 041 | 0 | |a spa | |
| 082 | 0 | 4 | |a CR861.4 |b K18f |
| 100 | 1 | |a Karkueka | |
| 245 | 1 | 0 | |a Floración en la sombra / |c Karkueka. |
| 260 | 1 | |a San José, Costa Rica : |b Lito-Imprenta Torres Ltda., |c 1971. | |
| 300 | |a 80 páginas | ||
| 650 | 4 | |a LITERATURA COSTARRICENSE | |
| 650 | 4 | |a POESIA | |
| 999 | |c 9231 |d 9231 | ||
| 942 | |c BK |h CR861.4 K18f |2 z | ||
